<?xml version="1.0" encoding="UTF-8"?>
<record
    xmlns:xsi="http://www.w3.org/2001/XMLSchema-instance"
    xsi:schemaLocation="http://www.loc.gov/MARC21/slim http://www.loc.gov/standards/marcxml/schema/MARC21slim.xsd"
    xmlns="http://www.loc.gov/MARC21/slim">

  <leader>00477nam a22001217a 4500</leader>
  <datafield tag="040" ind1=" " ind2=" ">
    <subfield code="c">HS</subfield>
  </datafield>
  <datafield tag="082" ind1=" " ind2=" ">
    <subfield code="a">171</subfield>
  </datafield>
  <datafield tag="110" ind1=" " ind2=" ">
    <subfield code="a">AQUATIC ANIMAL HEALTH RESEARCH INSTITUTE (AAHRI) DEPARTMENT OF FISHERIES KASETSART UNIVERSISTY CAMPUS BANGKOK THAILAND</subfield>
  </datafield>
  <datafield tag="245" ind1=" " ind2=" ">
    <subfield code="a">Diagnostic procedures for finfish diseases</subfield>
  </datafield>
  <datafield tag="260" ind1=" " ind2=" ">
    <subfield code="a">Thailand</subfield>
    <subfield code="b">AQUATIC ANIMAL HEALTH RESEARCH INSTITUTE (AAHRI) DEPARTMENT OF FISHERIES KASETSART UNIVERSISTY CAMPUS BANGKOK THAILAND</subfield>
    <subfield code="c">1991</subfield>
  </datafield>
  <datafield tag="300" ind1=" " ind2=" ">
    <subfield code="a">60p;</subfield>
  </datafield>
  <datafield tag="942" ind1=" " ind2=" ">
    <subfield code="c">EK</subfield>
  </datafield>
  <datafield tag="999" ind1=" " ind2=" ">
    <subfield code="c">8841</subfield>
    <subfield code="d">8841</subfield>
  </datafield>
  <datafield tag="952" ind1=" " ind2=" ">
    <subfield code="0">0</subfield>
    <subfield code="1">0</subfield>
    <subfield code="4">0</subfield>
    <subfield code="6">171_000000000000000_AQU_1999</subfield>
    <subfield code="7">0</subfield>
    <subfield code="9">49808</subfield>
    <subfield code="a">LBC</subfield>
    <subfield code="b">LBC</subfield>
    <subfield code="d">2016-08-16</subfield>
    <subfield code="o">171 AQU 1999</subfield>
    <subfield code="p">RUA045745</subfield>
    <subfield code="r">2016-09-26</subfield>
    <subfield code="w">2016-08-16</subfield>
    <subfield code="y">EK</subfield>
  </datafield>
  <datafield tag="952" ind1=" " ind2=" ">
    <subfield code="0">0</subfield>
    <subfield code="1">0</subfield>
    <subfield code="4">0</subfield>
    <subfield code="6">171_000000000000000_NA_1999_C021_C022</subfield>
    <subfield code="7">0</subfield>
    <subfield code="9">52088</subfield>
    <subfield code="a">LBC</subfield>
    <subfield code="b">LBC</subfield>
    <subfield code="c">C022</subfield>
    <subfield code="d">2016-09-14</subfield>
    <subfield code="o">171 NA 1999 C021 C022 </subfield>
    <subfield code="p">A01475</subfield>
    <subfield code="r">2016-09-27</subfield>
    <subfield code="y">EK</subfield>
  </datafield>
</record>
